Countries with Six Letters - Statistics

General Stats
  • This quiz has been taken 56 times
    39 since last reset
  • The average score is 25 of 34
Answer Stats
Answer % Correct
Canada
94%
Norway
94%
Panama
90%
Sweden
90%
Belize
87%
Brazil
87%
France
87%
Mexico
87%
Guyana
81%
Tuvalu
81%
Poland
77%
Greece
74%
Latvia
74%
Monaco
74%
Russia
74%
Angola
71%
Bhutan
71%
Guinea
71%
Kuwait
71%
Serbia
71%
Turkey
71%
Turkey
71%
Israel
68%
Israel
68%
Jordan
68%
Cyprus
65%
Cyprus
65%
Malawi
65%
Rwanda
65%
Zambia
65%
The Gambia
61%
Brunei
58%
Uganda
58%
Taiwan
52%
No matching quizzes found
Score Distribution
Percent of People with Each Score
Percentile by Number Answered
Your Score History
You have not taken this quiz since the last reset